[Event "Junior Online 4NCL Division 3"]
[Site "online"]
[Date "2020.05.21"]
[Round "6.47"]
[White "Ravithas, Ashwin"]
[Black "Parikh, Naavya"]
[Result "0-1"]
[WhiteElo "1382"]
[BlackElo "1375"]
[PlyCount "176"]
[EventDate "2020.05.21"]
[WhiteTeam "St Albans Early Knights 2"]
[BlackTeam "Harrow Juniors B"]

1. e4 e5 2. Nf3 Nc6 3. Bc4 Bc5 4. Nc3 Nf6 5. d3 h6 6. O-O d6 7. h3 O-O 8. Be3
Bb4 9. Nd5 Nxd5 10. exd5 Na5 11. c3 Nxc4 12. dxc4 Ba5 13. b4 Bb6 14. c5 dxc5
15. bxc5 Ba5 16. c4 Re8 17. Bd2 Bxd2 18. Qxd2 Qf6 19. Rfe1 e4 20. Nd4 Qg6 21.
Kh2 a6 22. f3 Bd7 23. Rad1 exf3 24. Nxf3 Ba4 25. Rxe8+ Rxe8 26. Re1 Rxe1 27.
Nxe1 Qe4 28. Qd3 Qxe1 29. Qf5 Qe8 30. Qf4 Qe7 31. Qd4 f6 32. d6 Qe5+ 33. Qxe5
fxe5 34. dxc7 Bd7 35. Kg3 Kf7 36. Kf3 Ke7 37. Ke4 Ke6 38. g3 Ke7 39. h4 Bg4 40.
Kxe5 Kd7 41. Kf4 Be6 42. Ke5 Bxc4 43. Kf5 Kxc7 44. Kg6 Kc6 45. Kxg7 h5 46. Kg6
Be2 47. Kg5 Kxc5 48. Kf4 b5 49. Ke3 Bg4 50. Kf4 Kc4 51. Ke4 Kb4 52. Kd5 Ka3 53.
Kc5 Kxa2 54. Kb4 Kb2 55. Ka5 Kb3 56. Kxa6 b4 57. Kb5 Ka3 58. Kc4 b3 59. Kc3 Ka2
60. Kd4 b2 61. Ke5 b1=Q 62. Kf4 Qf1+ 63. Kg5 Qf5+ 64. Kh6 Qf6+ 65. Kh7 Bf5+ 66.
Kg8 Be6+ 67. Kh7 Qf2 68. Kh6 Kb3 69. Kg5 Kc4 70. Kxh5 Qf5+ 71. Kh6 Bf7 72. Kg7
Qg6+ 73. Kf8 Kd5 74. Ke7 Qe6+ 75. Kf8 Kd6 76. h5 Bxh5 77. Kg7 Qg6+ 78. Kh8 Ke7
79. g4 Qf7 80. gxh5 Qxh5+ 81. Kg7 Qf5 82. Kg8 Kd6 83. Kg7 Qe6 84. Kh7 Qf6 85.
Kg8 Qe7 86. Kh8 Ke6 87. Kg8 Kf6 88. Kh8 Qg7# 0-1

[Event "Junior Online 4NCL Division 3"]
[Site "online"]
[Date "2020.05.21"]
[Round "6.48"]
[White "Benhamou, Nathan"]
[Black "Jain, Ekansh Rajesh"]
[Result "1-0"]
[WhiteElo "1382"]
[BlackElo "1337"]
[PlyCount "55"]
[EventDate "2020.05.21"]
[WhiteTeam "Harrow Juniors B"]
[BlackTeam "St Albans Early Knights 2"]

1. e4 e5 2. Nf3 Nc6 3. Nc3 Nf6 4. Bb5 d6 5. O-O a6 6. Ba4 b5 7. Bb3 b4 8. Nd5
Be6 9. d3 Nd4 10. Nxd4 exd4 11. Bg5 c6 12. Bxf6 gxf6 13. Nxb4 Bxb3 14. axb3 Rg8
15. Nxc6 Qc7 16. Nxd4 O-O-O 17. Rxa6 Qc5 18. Rc6+ Qxc6 19. Nxc6 Rd7 20. Qh5 Kc7
21. Qxh7 Kxc6 22. Qxg8 Rd8 23. Qxf7 d5 24. Qxf6+ Kc5 25. Qxd8 Bd6 26. Ra1 Be5
27. Ra5+ Kb4 28. Qb6# 1-0

[Event "Junior Online 4NCL Division 3"]
[Site "online"]
[Date "2020.05.21"]
[Round "6.51"]
[White "Brightley-Davies, Ciaran"]
[Black "Ray, Hiya"]
[Result "0-1"]
[WhiteElo "1637"]
[BlackElo "1823"]
[PlyCount "106"]
[EventDate "2020.05.21"]
[WhiteTeam "KJCA Young Kestrels C"]
[BlackTeam "St John's College A"]

1. e4 c5 2. Nf3 d6 3. d4 cxd4 4. Nxd4 Nf6 5. Nc3 g6 6. Nd5 Nxd5 7. exd5 Bg7 8.
Bb5+ Bd7 9. Be3 Bxb5 10. Nxb5 Bxb2 11. Rb1 Qa5+ 12. Bd2 Qxb5 13. c3 Qxd5 14.
Rxb2 Qxg2 15. Rf1 Nd7 16. Qa4 Qc6 17. Qd4 e5 18. Qe3 Nb6 19. Qe2 Nc4 20. Rb4
Rc8 21. f4 O-O 22. f5 a5 23. Rb3 e4 24. Rf4 e3 25. Bxe3 Nxe3 26. fxg6 Ng2+ 27.
Kf1 Nxf4 28. gxh7+ Kxh7 29. Qf2 Qg2+ 30. Qxg2 Nxg2 31. Kxg2 Rg8+ 32. Kh1 Rce8
33. h3 Re1+ 34. Kh2 Re2+ 35. Kh1 Reg2 36. h4 R2g4 37. Rb2 Rxh4+ 38. Rh2 Rxh2+
39. Kxh2 Kg6 40. Kg3 Kf5+ 41. Kf3 Ke5 42. Ke3 Rg3+ 43. Kd2 Rg2+ 44. Kd3 Rxa2
45. c4 Rb2 46. Kc3 Rb6 47. c5 dxc5 48. Kc4 Rb1 49. Kxc5 a4 50. Kc4 a3 51. Kc5
a2 52. Kc4 a1=Q 53. Kc5 Qc3# 0-1

[Event "Junior Online 4NCL Division 3"]
[Site "online"]
[Date "2020.05.21"]
[Round "6.52"]
[White "Choudhury, Anish"]
[Black "Mehta, Shaurya"]
[Result "0-1"]
[WhiteElo "1448"]
[BlackElo "1615"]
[PlyCount "63"]
[EventDate "2020.05.21"]
[WhiteTeam "St John's College A"]
[BlackTeam "KJCA Young Kestrels C"]

1. e4 e5 2. Nf3 Nc6 3. Bc4 Bc5 4. d3 h6 5. Be3 Bxe3 6. fxe3 d6 7. d4 Bg4 8. h3
Bh5 9. g4 Bg6 10. Nc3 Nf6 11. Qd3 a5 12. O-O-O Nb4 13. Qe2 Nxe4 14. Nxe4 Bxe4
15. dxe5 Bxf3 16. Qxf3 O-O 17. Rhf1 d5 18. e4 Qg5+ 19. Qf4 Qxf4+ 20. Rxf4 dxc4
21. a3 Nc6 22. Rd7 Nxe5 23. Rxc7 b6 24. Rf5 f6 25. h4 Nxg4 26. Rxc4 Ne3 27. Rc6
Nxf5 28. exf5 Rab8 29. b4 axb4 30. axb4 Rfc8 31. Rd6 Rc4 32. b5 0-1

[Event "Junior Online 4NCL Division 3"]
[Site "online"]
[Date "2020.05.21"]
[Round "6.53"]
[White "Oprea, Danny"]
[Black "Dantu, Sridatta"]
[Result "0-1"]
[WhiteElo "1630"]
[BlackElo "1368"]
[PlyCount "86"]
[EventDate "2020.05.21"]
[WhiteTeam "KJCA Young Kestrels C"]
[BlackTeam "St John's College A"]

1. c4 e5 2. g3 d5 3. cxd5 Qxd5 4. Nf3 Nc6 5. Nc3 Qd8 6. Bg2 Bg4 7. O-O Nf6 8.
h3 Bf5 9. d3 Qd7 10. Bg5 O-O-O 11. Kh2 Be7 12. Bxf6 Bxf6 13. Qb3 g5 14. Na4 Be6
15. Qc2 g4 16. h4 gxf3 17. Bxf3 h5 18. Nc5 Qd6 19. Ne4 Qe7 20. Bg2 Bxh4 21.
Rac1 Bxg3+ 22. fxg3 h4 23. g4 h3 24. Bh1 Bxg4 25. Nf6 Bd7 26. Nxd7 Qxd7 27. Be4
Rdg8 28. Bf5 Rg2+ 29. Kh1 Qxf5 30. Rxf5 Rhg8 31. Rff1 h2 32. Qd1 Nd4 33. e3 Ne2
34. Rb1 Rg1+ 35. Kxh2 R8g2+ 36. Kh3 Rg3+ 37. Kh4 Rg4+ 38. Kh5 Rg5+ 39. Kh6 Rg6+
40. Kh5 R6g5+ 41. Kh4 R5g4+ 42. Kh3 R1g3+ 43. Kh2 Rh4# 0-1

[Event "Junior Online 4NCL Division 3"]
[Site "online"]
[Date "2020.05.21"]
[Round "6.54"]
[White "Nukalapati, Sarthak"]
[Black "Ajili, Nour"]
[Result "0-1"]
[WhiteElo "1322"]
[BlackElo "1547"]
[PlyCount "70"]
[EventDate "2020.05.21"]
[WhiteTeam "St John's College A"]
[BlackTeam "KJCA Young Kestrels C"]

1. e4 e6 2. d4 d5 3. Nc3 Bb4 4. Nge2 dxe4 5. Bd2 Nf6 6. Nxe4 Bxd2+ 7. Nxd2 Nc6
8. Nf3 O-O 9. Nc3 b6 10. Be2 Bb7 11. O-O Ne7 12. Qd2 Nf5 13. Rfd1 Qe7 14. Re1
Rfd8 15. Bd3 Nxd4 16. Nxd4 Rxd4 17. Bxh7+ Kxh7 18. Qxd4 Rd8 19. Qh4+ Kg8 20.
Rad1 Re8 21. Re3 Qc5 22. Rh3 Kf8 23. Qh8+ Ke7 24. Qxg7 Rg8 25. Rd7+ Kxd7 26.
Rd3+ Kc8 27. Qxf6 Rxg2+ 28. Kf1 Rg8 29. Qxf7 Rf8 30. Qxe6+ Kb8 31. Qe3 Qf5 32.
Rd2 Ba6+ 33. Ke1 Qg6 34. Ne2 Re8 35. Qc3 Qg1# 0-1

[Event "Junior Online 4NCL Division 3"]
[Site "online"]
[Date "2020.05.21"]
[Round "6.55"]
[White "Ray, Hiya"]
[Black "Brightley-Davies, Ciaran"]
[Result "1-0"]
[WhiteElo "1823"]
[BlackElo "1637"]
[PlyCount "73"]
[EventDate "2020.05.21"]
[WhiteTeam "St John's College A"]
[BlackTeam "KJCA Young Kestrels C"]

1. d4 e6 2. Nf3 Nf6 3. c4 Bb4+ 4. Bd2 Bxd2+ 5. Nbxd2 b6 6. g3 Bb7 7. Bg2 O-O 8.
O-O d6 9. Qc2 Nbd7 10. e4 e5 11. Rfe1 Re8 12. Rad1 c5 13. d5 a5 14. a3 Ba6 15.
Nf1 Ng4 16. h3 Nh6 17. Ne3 Nf6 18. g4 g5 19. Nxg5 Nfxg4 20. Nxf7 Nxf7 21. hxg4
Ng5 22. Nf5 Bc8 23. Rd3 Bxf5 24. gxf5 h6 25. Kh2 Qd7 26. Rh1 Kh7 27. Rb3 Rab8
28. Kg1 Qg7 29. Rh5 Rg8 30. Rg3 Qe7 31. Qd2 Rg7 32. Rxh6+ Kg8 33. f6 Nf3+ 34.
Bxf3 Rxg3+ 35. fxg3 Qf7 36. Qg5+ Kf8 37. Rh8+ 1-0

[Event "Junior Online 4NCL Division 3"]
[Site "online"]
[Date "2020.05.21"]
[Round "6.56"]
[White "Mehta, Shaurya"]
[Black "Choudhury, Anish"]
[Result "1-0"]
[WhiteElo "1615"]
[BlackElo "1448"]
[PlyCount "93"]
[EventDate "2020.05.21"]
[WhiteTeam "KJCA Young Kestrels C"]
[BlackTeam "St John's College A"]

1. e4 e6 2. d4 d5 3. exd5 exd5 4. c4 Nf6 5. Bg5 Be6 6. cxd5 Bxd5 7. Nc3 Be6 8.
d5 Bxd5 9. Bxf6 gxf6 10. Qxd5 Qxd5 11. Nxd5 Bd6 12. Nxf6+ Ke7 13. Nd5+ Kd7 14.
Nc3 Nc6 15. Bb5 Rhe8+ 16. Nge2 a6 17. Bxc6+ Kxc6 18. O-O Rad8 19. Rad1 Kd7 20.
Nd5 Kc8 21. Ng3 Re5 22. Ne3 Ra5 23. a3 Rb5 24. b4 a5 25. bxa5 Rxa5 26. Ngf5
Bxa3 27. Rxd8+ Kxd8 28. Ra1 b5 29. Nc2 b4 30. Nxa3 Rxa3 31. Rxa3 bxa3 32. Nd4
Kd7 33. Kf1 Kd6 34. Nc2 a2 35. Ke1 Kc5 36. Kd1 Kc4 37. Kc1 Kb3 38. Na1+ Ka3 39.
f4 c5 40. g4 c4 41. h4 c3 42. f5 Kb4 43. g5 Kc4 44. h5 Kd4 45. g6 f6 46. g7 Kd3
47. g8=Q 1-0

[Event "Junior Online 4NCL Division 3"]
[Site "online"]
[Date "2020.05.21"]
[Round "6.57"]
[White "Dantu, Sridatta"]
[Black "Oprea, Danny"]
[Result "0-1"]
[WhiteElo "1368"]
[BlackElo "1630"]
[PlyCount "60"]
[EventDate "2020.05.21"]
[WhiteTeam "St John's College A"]
[BlackTeam "KJCA Young Kestrels C"]

1. e4 c5 2. d4 cxd4 3. c3 dxc3 4. Nxc3 Nc6 5. Bc4 g6 6. Nf3 Bg7 7. Bd2 Nf6 8.
Qc2 O-O 9. O-O-O d6 10. h4 a6 11. h5 Nxh5 12. g4 Bxg4 13. Ng5 Bxd1 14. Qxd1 b5
15. Bd5 Rc8 16. Rxh5 gxh5 17. Qxh5 h6 18. Nxf7 Rxf7 19. Bxf7+ Kf8 20. Bxh6
Bxh6+ 21. Qxh6+ Kxf7 22. Qh7+ Ke8 23. Qh8+ Kd7 24. Qh3+ Kc7 25. Nd5+ Kb8 26.
Kb1 Ne5 27. Qa3 Ka7 28. Qe3+ Kb7 29. a4 Nc4 30. Qb3 Nd2+ 0-1

[Event "Junior Online 4NCL Division 3"]
[Site "online"]
[Date "2020.05.21"]
[Round "6.58"]
[White "Ajili, Nour"]
[Black "Nukalapati, Sarthak"]
[Result "0-1"]
[WhiteElo "1547"]
[BlackElo "1322"]
[PlyCount "68"]
[EventDate "2020.05.21"]
[WhiteTeam "KJCA Young Kestrels C"]
[BlackTeam "St John's College A"]

1. e4 e5 2. Nf3 Nc6 3. Bc4 Bc5 4. c3 Nf6 5. d4 exd4 6. cxd4 Bb4+ 7. Bd2 Nxe4 8.
Bxb4 Nxb4 9. Bxf7+ Kxf7 10. Qb3+ d5 11. Qxb4 Rf8 12. Ne5+ Kg8 13. O-O Be6 14.
f3 Nd6 15. Nc3 b6 16. Nc6 Qe8 17. Rfe1 Qxc6 18. Rxe6 Qd7 19. Rae1 Rfe8 20. Nxd5
Rxe6 21. Rxe6 Qxe6 22. Nxc7 Qe3+ 23. Kf1 Qd3+ 24. Ke1 Qb1+ 25. Kd2 Rd8 26. Qb3+
Kh8 27. Ne6 Re8 28. Nf4 Qe1+ 29. Kc2 Qf2+ 30. Kc3 Qe1+ 31. Kc2 Qf2+ 32. Kc3
Re3+ 33. Nd3 Qe1+ 34. Kc2 Re2# 0-1

[Event "Junior Online 4NCL Division 3"]
[Site "online"]
[Date "2020.05.21"]
[Round "6.61"]
[White "Mikalajunas, Kajus"]
[Black "Southcott-Moyers, Indy"]
[Result "1-0"]
[WhiteElo "1675"]
[BlackElo "1487"]
[PlyCount "143"]
[EventDate "2020.05.21"]
[WhiteTeam "Leicestershire Juniors 1"]
[BlackTeam "Stroud Cubs"]

1. d4 d5 2. Nf3 Nf6 3. e3 e6 4. Bd3 Bd6 5. O-O O-O 6. Nc3 a6 7. Ne5 Nc6 8. f4
Nb4 9. a3 Nxd3 10. Qxd3 b5 11. e4 Bb7 12. f5 dxe4 13. Qg3 Kh8 14. Bg5 Be7 15.
Rad1 Qe8 16. Bxf6 Bxf6 17. Ng4 Qe7 18. fxe6 fxe6 19. Nxf6 Rxf6 20. Rxf6 gxf6
21. Qe3 f5 22. d5 Rd8 23. dxe6 Rxd1+ 24. Nxd1 Qxe6 25. Qd4+ Kg8 26. Qd8+ Kf7
27. Qxc7+ Qe7 28. Qf4 Qd7 29. Ne3 Kg6 30. Qg3+ Kf6 31. Qh4+ Kg6 32. Qg3+ Kf6
33. Qe1 Qd4 34. Qc3 Qxc3 35. bxc3 Ke5 36. g3 f4 37. gxf4+ Kxf4 38. Kf2 Ba8 39.
Ng2+ Kg4 40. Ne3+ Kh3 41. Kg1 Kh4 42. Kg2 Kg5 43. Kg3 h5 44. h4+ Kf6 45. Kf4
Bb7 46. c4 bxc4 47. Nxc4 Ke6 48. Na5 Ba8 49. c4 Kf6 50. Nb3 Ke6 51. Nc5+ Kd6
52. Nxe4+ Ke6 53. Nc5+ Kd6 54. Nxa6 Kc6 55. Nb4+ Kc5 56. Kg5 Kxc4 57. Kxh5 Kb3
58. Nd3 Kxa3 59. Kg5 Be4 60. Nf4 Kb4 61. Ng6 Kc5 62. h5 Kd6 63. h6 Ke6 64. h7
Kf7 65. h8=Q Bxg6 66. Qf6+ Kg8 67. Qxg6+ Kf8 68. Qh7 Ke8 69. Kf6 Kd8 70. Ke6
Kc8 71. Kd6 Kd8 72. Qh8# 1-0

[Event "Junior Online 4NCL Division 3"]
[Site "online"]
[Date "2020.05.21"]
[Round "6.62"]
[White "Carey, Alex"]
[Black "Pyun, Lindsay"]
[Result "1-0"]
[WhiteElo "1442"]
[BlackElo "1495"]
[PlyCount "123"]
[EventDate "2020.05.21"]
[WhiteTeam "Stroud Cubs"]
[BlackTeam "Leicestershire Juniors 1"]

1. e4 e5 2. Nf3 Nc6 3. Bc4 Bc5 4. d3 d6 5. h3 h6 6. Nc3 Nf6 7. O-O O-O 8. Be3
Bb6 9. Qd2 Be6 10. Bb3 Re8 11. Rfe1 Ba5 12. Bxe6 Rxe6 13. a3 Bb6 14. Nd5 Re8
15. c4 Bxe3 16. Qxe3 a5 17. Nh4 Nd4 18. Rac1 c6 19. Nc3 Nb3 20. Rcd1 Nd4 21.
Nf3 c5 22. Ne2 Nxf3+ 23. Qxf3 Qd7 24. Ng3 Nh7 25. Nf5 Ng5 26. Qg3 f6 27. h4 Ne6
28. Nxh6+ Kf8 29. Nf5 Nd4 30. Nxd4 cxd4 31. Qg6 b5 32. Rc1 Rac8 33. b3 bxc4 34.
bxc4 Rb8 35. Rb1 Qc7 36. Qh7 Qd7 37. Rxb8 Rxb8 38. Qh8+ Ke7 39. Qxb8 a4 40. Qb5
Qa7 41. Rb1 Qa8 42. Qb7+ Qxb7 43. Rxb7+ Kf8 44. Ra7 Ke8 45. Rxg7 Kf8 46. Rd7
Ke8 47. Rxd6 Ke7 48. Ra6 Kd7 49. h5 Ke7 50. Rxa4 Kf7 51. Ra7+ Ke6 52. h6 f5 53.
exf5+ Kxf5 54. h7 e4 55. dxe4+ Kxe4 56. h8=Q d3 57. Qh7+ Kd4 58. Rd7+ Kc3 59.
Qxd3+ Kb2 60. Rb7+ Ka1 61. Qc3+ Ka2 62. Qb2# 1-0

[Event "Junior Online 4NCL Division 3"]
[Site "online"]
[Date "2020.05.21"]
[Round "6.63"]
[White "Tang, Joshua"]
[Black "Edwards, Jacob"]
[Result "1-0"]
[WhiteElo "1495"]
[BlackElo "1412"]
[PlyCount "89"]
[EventDate "2020.05.21"]
[WhiteTeam "Leicestershire Juniors 1"]
[BlackTeam "Stroud Cubs"]

1. e4 d5 2. Nf3 Bg4 3. exd5 Nf6 4. Nc3 c6 5. dxc6 Nxc6 6. Be2 e6 7. O-O Bb4 8.
d3 O-O 9. Be3 Bxc3 10. bxc3 Nd5 11. Bd4 Nf4 12. Be3 Nxe2+ 13. Qxe2 Qf6 14. d4
e5 15. h3 Bxf3 16. Qxf3 Qxf3 17. gxf3 Rfe8 18. d5 Ne7 19. c4 Ng6 20. Rfd1 Nh4
21. d6 Nxf3+ 22. Kg2 Nh4+ 23. Kf1 Nf5 24. Bc5 Red8 25. Rd5 f6 26. d7 Kf7 27.
Rad1 Ne7 28. R5d3 b6 29. Ba3 Rab8 30. c5 Rb7 31. Rd6 g6 32. c6 Rc7 33. c4 Rxc6
34. Rxc6 Nxc6 35. Rd6 Ne7 36. c5 bxc5 37. Bxc5 a5 38. Bb6 Rf8 39. d8=Q Rxd8 40.
Rxd8 Nc6 41. Ra8 Ke6 42. Bxa5 Nxa5 43. Rxa5 Kd6 44. Rb5 Kc6 45. Rb1 1-0

[Event "Junior Online 4NCL Division 3"]
[Site "online"]
[Date "2020.05.21"]
[Round "6.64"]
[White "Ashworth, Jaime"]
[Black "Moughtin-Leay, John"]
[Result "0-1"]
[WhiteElo "1390"]
[BlackElo "1487"]
[PlyCount "132"]
[EventDate "2020.05.21"]
[WhiteTeam "Stroud Cubs"]
[BlackTeam "Leicestershire Juniors 1"]

1. e4 e5 2. Nf3 Nf6 3. Nxe5 d6 4. Nf3 Nc6 5. d3 Be6 6. Nc3 Be7 7. Be2 O-O 8.
O-O d5 9. exd5 Nxd5 10. Nxd5 Bxd5 11. Bf4 Re8 12. c3 Bd6 13. Bxd6 Qxd6 14. d4
Na5 15. Bd3 Bc4 16. Bxc4 Nxc4 17. Qb3 Nb6 18. c4 c5 19. Rfd1 cxd4 20. Nxd4 Qc5
21. Qb5 Qxc4 22. Qxc4 Nxc4 23. b3 Nb6 24. Rac1 Rad8 25. Nb5 a6 26. Nc7 Rxd1+
27. Rxd1 Rc8 28. Rc1 Nd5 29. Re1 Nxc7 30. h3 Kf8 31. Re4 Re8 32. Rh4 h6 33. Rb4
b5 34. Rd4 Re6 35. Rd7 Ne8 36. Ra7 Rc6 37. Kf1 Nc7 38. g3 Ke7 39. h4 Kd6 40.
Ke2 Kd7 41. Ke3 Kc8 42. f4 Kb8 43. Rxc7 Kxc7 44. g4 Kd6 45. Ke4 Rc2 46. a4 bxa4
47. bxa4 Rc4+ 48. Kf5 g6+ 49. Kf6 Rxf4+ 50. Kg7 Ke7 51. Kxh6 Rxg4 52. h5 gxh5
53. Kxh5 Rxa4 54. Kg5 Rb4 55. Kf5 a5 56. Ke5 a4 57. Kd5 a3 58. Kc5 Rb2 59. Kc4
a2 60. Kc3 a1=Q 61. Kd3 Qc1 62. Ke4 Rd2 63. Kf3 Qe1 64. Kg4 Rf2 65. Kg3 Qg1+
66. Kh3 Rh2# 0-1

[Event "Junior Online 4NCL Division 3"]
[Site "online"]
[Date "2020.05.21"]
[Round "6.65"]
[White "Southcott-Moyers, Indy"]
[Black "Mikalajunas, Kajus"]
[Result "1-0"]
[WhiteElo "1487"]
[BlackElo "1675"]
[PlyCount "49"]
[EventDate "2020.05.21"]
[WhiteTeam "Stroud Cubs"]
[BlackTeam "Leicestershire Juniors 1"]

1. d4 d5 2. c4 Nf6 3. cxd5 Nxd5 4. e4 Nf6 5. Nc3 e6 6. e5 Nd5 7. Nxd5 exd5 8.
Nf3 Bb4+ 9. Bd2 Bxd2+ 10. Qxd2 O-O 11. Bd3 Bg4 12. Qf4 Bxf3 13. Qxf3 Nc6 14.
Qh3 h6 15. Qf5 g6 16. Qf4 Qg5 17. Qe3 f6 18. f4 Qh5 19. O-O fxe5 20. fxe5 Nb4
21. Rf6 Rxf6 22. exf6 Nc6 23. Qe6+ Kf8 24. Qd7 Re8 25. Qg7# 1-0

[Event "Junior Online 4NCL Division 3"]
[Site "online"]
[Date "2020.05.21"]
[Round "6.66"]
[White "Pyun, Lindsay"]
[Black "Carey, Alex"]
[Result "0-1"]
[WhiteElo "1495"]
[BlackElo "1442"]
[PlyCount "140"]
[EventDate "2020.05.21"]
[WhiteTeam "Leicestershire Juniors 1"]
[BlackTeam "Stroud Cubs"]

1. e4 c5 2. Nf3 Nc6 3. d4 cxd4 4. Nxd4 Nf6 5. Nc3 e5 6. Nf3 Bb4 7. Bd3 Bxc3+ 8.
bxc3 O-O 9. Bg5 h6 10. Bh4 d6 11. h3 g5 12. Bg3 Qa5 13. Qd2 Kh8 14. O-O Be6 15.
c4 Qxd2 16. Nxd2 Nd4 17. c3 Nc6 18. Rfe1 Rac8 19. Rab1 b6 20. f3 Na5 21. Rb4
Rc7 22. a4 Rfc8 23. Rc1 Nxc4 24. Bxc4 Bxc4 25. Nxc4 Rxc4 26. Rxc4 Rxc4 27. h4
Rxa4 28. hxg5 hxg5 29. Bf2 Nh5 30. Be3 Nf4 31. Kf1 Rc4 32. g3 Ne6 33. Ke2 f6
34. Rh1+ Kg7 35. Rc1 Nc5 36. g4 Kf7 37. Rc2 Ke6 38. Rc1 a5 39. Bxc5 dxc5 40.
Kd3 b5 41. Rb1 Ra4 42. Rxb5 c4+ 43. Kd2 Ra2+ 44. Ke3 a4 45. Rb6+ Kf7 46. Rb7+
Kg6 47. Rb1 Ra3 48. Kd2 Ra2+ 49. Kc1 Rf2 50. Rb4 Rxf3 51. Rxa4 Rxc3+ 52. Kd2
Rd3+ 53. Kc2 Rd4 54. Kc3 Rxe4 55. Rxc4 Rxc4+ 56. Kxc4 f5 57. gxf5+ Kxf5 58. Kd3
Kf4 59. Ke2 g4 60. Kf2 e4 61. Ke2 g3 62. Kf1 Kf3 63. Kg1 g2 64. Kh2 Kf2 65. Kh3
g1=Q 66. Kh4 Kf3 67. Kh5 Kf4 68. Kh6 Kf5 69. Kh7 Kf6 70. Kh8 Qg7# 0-1

[Event "Junior Online 4NCL Division 3"]
[Site "online"]
[Date "2020.05.21"]
[Round "6.67"]
[White "Edwards, Jacob"]
[Black "Tang, Joshua"]
[Result "1-0"]
[WhiteElo "1412"]
[BlackElo "1495"]
[PlyCount "77"]
[EventDate "2020.05.21"]
[WhiteTeam "Stroud Cubs"]
[BlackTeam "Leicestershire Juniors 1"]

1. d4 d5 2. Bf4 Nf6 3. e3 Bf5 4. Nd2 e6 5. Ngf3 Bd6 6. Bg3 O-O 7. c3 Nc6 8. Ne5
Re8 9. Bb5 Bxe5 10. dxe5 Ne4 11. Nxe4 Bxe4 12. Qe2 Bxg2 13. Rg1 Be4 14. Bf4 a6
15. Qg4 Bg6 16. Bd3 f5 17. Qg3 b5 18. h4 Qd7 19. Be2 Rf8 20. h5 Be8 21. Bh6 Rf7
22. O-O-O Nd8 23. Rg2 Ra7 24. Rdg1 c5 25. Bg5 Nc6 26. h6 g6 27. Bh5 b4 28. Bf6
bxc3 29. Bxg6 cxb2+ 30. Kb1 hxg6 31. Qxg6+ Rg7 32. h7+ Kh8 33. Bxg7+ Qxg7 34.
Qxe8+ Kxh7 35. Rxg7+ Rxg7 36. Rxg7+ Kxg7 37. Qxc6 Kf7 38. Qxa6 d4 39. exd4 1-0

[Event "Junior Online 4NCL Division 3"]
[Site "online"]
[Date "2020.05.21"]
[Round "6.68"]
[White "Moughtin-Leay, John"]
[Black "Ashworth, Jaime"]
[Result "0-1"]
[WhiteElo "1487"]
[BlackElo "1390"]
[PlyCount "126"]
[EventDate "2020.05.21"]
[WhiteTeam "Leicestershire Juniors 1"]
[BlackTeam "Stroud Cubs"]

1. d4 Nf6 2. c4 e6 3. e4 Nxe4 4. f3 Nf6 5. Nc3 d5 6. cxd5 exd5 7. Be3 c6 8. Bd3
Be6 9. Nge2 Qb6 10. Qd2 Nbd7 11. O-O Bd6 12. f4 Nb8 13. f5 Bd7 14. Rae1 O-O 15.
Nf4 Qc7 16. Rf2 b6 17. Rfe2 c5 18. Nb5 Qc6 19. Nxd6 Qxd6 20. dxc5 bxc5 21. Qa5
Rc8 22. g4 Nxg4 23. Bxc5 Qxf4 24. Bb5 Qxf5 25. Re7 Nf6 26. Bxd7 Nbxd7 27. Bd6
Qg5+ 28. Bg3 h6 29. Qb5 Rd8 30. R1e5 Qc1+ 31. Re1 Qc5+ 32. Qxc5 Nxc5 33. Bc7
Rdc8 34. Bd6 Nd3 35. Rf1 Rc1 36. Re3 Rxf1+ 37. Kxf1 Nxb2 38. Re7 Nc4 39. Bf4
Nb6 40. Bc7 Nc4 41. Re1 Rc8 42. Bf4 Nb6 43. h3 Nc4 44. Rd1 Re8 45. Kf2 Re4 46.
Kf3 Re8 47. h4 Nh5 48. Rxd5 Nxf4 49. Kxf4 Nb6 50. Ra5 Re7 51. Kf3 Nc4 52. Rc5
Ne5+ 53. Kf4 Nd3+ 54. Kf5 Nxc5 55. Kg4 Re4+ 56. Kf3 Ra4 57. Kg3 Rxa2 58. Kg4 a5
59. Kf3 a4 60. Ke3 Rb2 61. Kd4 a3 62. Kc3 Rb8 63. Kc2 a2 0-1

[Event "Junior Online 4NCL Division 3"]
[Site "online"]
[Date "2020.05.21"]
[Round "6.71"]
[White "Xia, Weiquan"]
[Black "Hurst, Joseph"]
[Result "0-1"]
[WhiteElo "1480"]
[BlackElo "1645"]
[PlyCount "91"]
[EventDate "2020.05.21"]
[WhiteTeam "Warwickshire Bears C"]
[BlackTeam "Robin Hoods 1"]

1. d4 Nf6 2. Nc3 g6 3. e4 d6 4. Bd3 Bg7 5. Nf3 O-O 6. O-O Nc6 7. Be2 e5 8. dxe5
Nxe5 9. Nxe5 dxe5 10. Qxd8 Rxd8 11. Rd1 Rxd1+ 12. Bxd1 Be6 13. Be3 a6 14. Be2
Rd8 15. Rd1 Rxd1+ 16. Bxd1 Kf8 17. Be2 Ke7 18. Bc5+ Kd7 19. a3 Kc6 20. Be3 Nd7
21. Kf1 f5 22. exf5 Bxf5 23. Bf3+ Kd6 24. Bxb7 a5 25. Nb5+ Ke7 26. Nxc7 Bxc2
27. Ba6 e4 28. Nd5+ Kd6 29. Nc3 Bxc3 30. bxc3 Kd5 31. Bd4 Nc5 32. f3 Bd3+ 33.
Bxd3 exd3 34. Bxc5 Kxc5 35. Ke1 Kc4 36. Kd2 a4 37. g4 g5 38. Ke3 Kxc3 39. f4 d2
40. fxg5 d1=Q 41. g6 Qd3+ 42. Kf4 Qxg6 43. h4 h5 44. g5 Kd4 45. Kg3 Qd3+ 46.
Kf2 0-1

[Event "Junior Online 4NCL Division 3"]
[Site "online"]
[Date "2020.05.21"]
[Round "6.72"]
[White "Stapleton, Dean"]
[Black "Vas, Ethan"]
[Result "1-0"]
[WhiteElo "1457"]
[BlackElo "1412"]
[PlyCount "67"]
[EventDate "2020.05.21"]
[WhiteTeam "Robin Hoods 1"]
[BlackTeam "Warwickshire Bears C"]

1. d4 Nc6 2. Nc3 Nf6 3. Bf4 d6 4. a3 Bg4 5. f3 Bf5 6. e4 Bg6 7. d5 Nb8 8. Qd2
e6 9. Bd3 exd5 10. exd5 Qe7+ 11. Nge2 Bxd3 12. Qxd3 g6 13. O-O-O Bg7 14. Rde1
Qd7 15. Ng3+ Kf8 16. Qd2 Na6 17. Bh6 b6 18. Bxg7+ Kxg7 19. Nce4 Nxe4 20. Nxe4
Rhb8 21. Qd4+ Kh6 22. Nf6 Qf5 23. Rhf1 Qg5+ 24. Kb1 c5 25. Ng4+ Kh5 26. Qg7 Rh8
27. g3 Raf8 28. h3 h6 29. Nf6+ Qxf6 30. Qxf6 g5 31. Qf5 f6 32. h4 Nc7 33. hxg5
fxg5 34. Rh1# 1-0

[Event "Junior Online 4NCL Division 3"]
[Site "online"]
[Date "2020.05.21"]
[Round "6.73"]
[White "Sastry, Shriya"]
[Black "Tomsett, Jonah"]
[Result "1-0"]
[WhiteElo "1322"]
[BlackElo "1382"]
[PlyCount "127"]
[EventDate "2020.05.21"]
[WhiteTeam "Warwickshire Bears C"]
[BlackTeam "Robin Hoods 1"]

1. e4 e5 2. Nf3 Nc6 3. Bc4 Bc5 4. Nc3 Nf6 5. d3 h6 6. h3 d6 7. Bd2 O-O 8. O-O
Nd4 9. Be3 Nxf3+ 10. Qxf3 Bxe3 11. Qxe3 Qe8 12. Rfe1 Be6 13. Bxe6 Qxe6 14. a3
a6 15. Rad1 b5 16. d4 Rad8 17. d5 Qe7 18. b4 Rfe8 19. Ne2 Rc8 20. Ng3 c6 21.
dxc6 Rxc6 22. Nf5 Qb7 23. Nxd6 Qc7 24. Nxe8 Nxe8 25. Rc1 Rc3 26. Qd2 Rxa3 27.
Re3 Rxe3 28. Qxe3 Qb7 29. Ra1 Nd6 30. f3 Nc4 31. Qc3 g6 32. Ra2 h5 33. Qa1 Kh7
34. Rxa6 Kg7 35. Ra2 f6 36. Ra7 Qxa7+ 37. Qxa7+ Kh6 38. Qc5 Na3 39. h4 g5 40.
hxg5+ Kxg5 41. Qc6 h4 42. Qa6 Nxc2 43. Qxb5 Nd4 44. Qd3 Nc6 45. b5 Ne7 46. b6
Nc6 47. b7 Kg6 48. Qd5 Ne7 49. Qd7 Ng8 50. b8=Q Nh6 51. Qf5+ Nxf5 52. exf5+
Kxf5 53. Qh8 Ke6 54. Qxh4 Kd5 55. Qxf6 Kd4 56. f4 Ke4 57. fxe5 Ke3 58. e6 Ke2
59. e7 Kd2 60. e8=Q Kd3 61. Qd6+ Kc3 62. Qc8+ Kb2 63. Qb6+ Ka1 64. Qa8# 1-0

[Event "Junior Online 4NCL Division 3"]
[Site "online"]
[Date "2020.05.21"]
[Round "6.74"]
[White "Griffin-Young, Sebastian"]
[Black "Chen, Olivia"]
[Result "1-0"]
[WhiteElo "1420"]
[BlackElo "1375"]
[PlyCount "117"]
[EventDate "2020.05.21"]
[WhiteTeam "Robin Hoods 1"]
[BlackTeam "Warwickshire Bears C"]

1. d4 e6 2. e4 d5 3. exd5 exd5 4. Nf3 c6 5. Bd3 Nf6 6. O-O Bg4 7. Nbd2 Bd6 8.
h3 Bh5 9. Qe1+ Be7 10. Ne5 O-O 11. c3 Nbd7 12. b3 Qc7 13. Ba3 Bxa3 14. b4 a5
15. Qb1 Nxe5 16. dxe5 Qxe5 17. Qb3 axb4 18. cxb4 Bb2 19. Rab1 Bd4 20. Rfe1 Qg3
21. Rf1 Rfe8 22. Bxh7+ Nxh7 23. Qxg3 Re2 24. Qh4 Bg6 25. Rbd1 Bc3 26. Qg4 Rxd2
27. Rxd2 Bxd2 28. Qd7 Nf6 29. Qxb7 Rxa2 30. Qxc6 Bxb4 31. Qc8+ Kh7 32. Rc1 Bd6
33. Qc6 Bf4 34. Re1 d4 35. Qf3 Bd6 36. g3 d3 37. Qd1 Bc5 38. Rf1 d2 39. Kg2 Bh5
40. g4 Bg6 41. f4 Be4+ 42. Kg3 Nd5 43. Qe2 Bc2 44. Qxd2 Ra3+ 45. Kh4 Be7+ 46.
g5 Bd3 47. Rf3 Bb4 48. Qc1 g6 49. Qb2 Ne7 50. Qxb4 Nf5+ 51. Kg4 Be2 52. Qxa3
Bxf3+ 53. Qxf3 Kg7 54. h4 Kh7 55. h5 Ne7 56. hxg6+ fxg6 57. Qh3+ Kg7 58. Qh6+
Kf7 59. Kf3 1-0